| 000 | 00887nam a22002417a 4500 | ||
|---|---|---|---|
| 005 | 20120918140757.0 | ||
| 008 | 120918t xxu||||| |||| 00| 0 eng d | ||
| 010 | _aENG-105888 | ||
| 020 |
_a9788176115872 _c900.00 |
||
| 035 | _aEN-89421 | ||
| 037 | _bDBAD/PUB | ||
| 040 |
_aDPL _bEnglish |
||
| 082 | _a658.408 | ||
| 100 |
_aJain, Arvind _952431 |
||
| 245 |
_aCorporate governance and social responsiblity / _cby Arvind Jain [and] Nisha Jain |
||
| 260 |
_aJaipur _bRBSA Publishers _c2012 |
||
| 270 |
_a340, Chaura Rasta _bJaipur _e302003 |
||
| 300 |
_aii, ii, 292p. _c22cm(Hb) |
||
| 500 | _aIncludes bibliographical references | ||
| 700 |
_aJain, Nisha _952436 |
||
| 942 |
_2ddc _cEN _h658.408 _mJAI |
||
| 999 |
_c70096 _d70096 |
||